1516 1823 1174 1451 1570 1111 1999 1042 1208 1942 1192 1516 1556 1082 1662 1899 1119 1270 1356 1145 1223 1828 1829 1093 1650 1780 1058 1991 1398 1616 1920 1237 1236 1333 1230 1519 1735 1675 1216 1600 1803 1709 1676 1476 1772 1133 1607 1731 1880 1435 1542 1563 1300 1839 1005 1382 1819 1669 1790 1568 1237 1253 1072 1686 1047 1061 1074 1865 1862 1892 1142 1674 1365 1455 1488 1717 1724 1568 1954 1748 1375 1590 1434 1825 1157 1162 1990 1260 1178 1509 1739 1391 1196 1259 1213 1150 1817 1037 1194 BCNSPRNW ULIB Ver.6.0+V

เปลี่ยนเป็นภาษาไทย

Change to English
 แสดงรายละเอียดบรรณานุกรม
  กลับหน้าหลัก

Brief Record : Get Marc (ISO 2709) : E-mail record : QR code < ปิดหน้าต่าง
LEADER : 00000nam 2200000uu 4500
001    13399121134
003     ULIB
008    020711s2547 th a 000 0 tha d
050    LB^bก432พ
100    ภาณุพงษ์ คงจันทร์
245    บทวิจารณ์วรรณกรรม รางวัลชมเชย เรื่องมองวรรณกรรมและการเมืองไทยยุคเอื้ออาทร/^cภาณุพงษ์ คงจันทร์
250    พิมพ์ครั้งที่ 1
260    นครสวรรค์ :^bม.ป.ท.,^c2547
300    10 หน้า
945    ^p0^l0^i12490
999    ^aทศพร เกษรทอง
รายการนี้ยังไม่มีแท็ก
คุณยังไม่ได้ล็อกอิน คุณสามารถมีกิจกรรมร่วมกับเว็บไซต์ได้ แต่ต้องล็อกอินก่อน ::
  ล็อกอิน

รายการสื่อสารสนเทศ

ลำดับที่ ประเภท เลขเรียก/บาร์โค้ด สถานที่ สถานะ
1. วิทยาศาสตร์การแพทย์ และสุขภาพ
วิทยาศาสตร์การแพทย์ และสุขภาพ
LB ก432พ  
  Barcode: 12490
ห้องสมุดวิทยาเขตสวรรค์ประชารักษ์
►หนังสือทั่วไป
บนชั้น

BibComment


ยังไม่เคยถูกคอมเมนท์

คอมเมนท์ทรัพยากรรายการนี้
  คอมเมนท์: บทวิจารณ์วรรณกรรม..


 Copyright 2026. Bcnsprnw @Library